| 000 | 00832nam a2200253Ia 4500 | ||
|---|---|---|---|
| 003 | GCL | ||
| 008 | 140319s9999 xx 000 0 ara d | ||
| 040 |
_aGCL / _cGCL |
||
| 082 | 0 | 4 |
_aق _b953.08 _bج م |
| 100 | 1 | _aحسنى نويصر | |
| 245 | 1 | 0 |
_aمدرسة جركسية على نمط المساجد الجامعة مدرسة الامير سورون بن زادة بسوق السلاح / _cحسنى نويصر |
| 260 |
_a[S.N] : _bمكتبة نهضة الشرق ، _c1985 |
||
| 490 | _a | ||
| 650 | 0 | 4 | _aمصر |
| 650 | 0 | 4 | _aدولة المماليك |
| 650 | 0 | 4 | _aالتاريخ الاسلامى |
| 650 | 0 | 4 | _aالتاريخ |
| 650 | 0 | 4 | _aالمدارس |
| 650 | 0 | 4 | _aالاثار الاسلامية |
| 650 | 0 | 4 | _aالقاهرة |
| 650 | 0 | 4 | _aسوق السلاح |
| 650 | 0 | 4 | _aالجراكسة |
| 942 |
_2ddc _cBK |
||
| 999 |
_c35711 _d35711 |
||